| 000 | 00721nam a2200229 i 4500 | ||
|---|---|---|---|
| 001 | 93931 | ||
| 003 | ES-MaACL | ||
| 005 | 20230914150438.0 | ||
| 007 | t| | ||
| 008 | 050422s1976 sp ||||1| spa d | ||
| 100 | 1 |
_aLópez Pina, Antonio. _9183727 |
|
| 245 | 1 | 3 |
_aLa cultura política de la España de Franco / _cAntonio López Pina, Eduardo L. Aranguren. |
| 260 |
_aMadrid : _bTaurus, _c1976. |
||
| 300 |
_a218 p. ; _c21 cm. |
||
| 490 | 1 |
_aBiblioteca política Taurus ; _v31 |
|
| 700 | 1 |
_aAranguren, Eduardo L. _922311 |
|
| 830 | 0 |
_aBiblioteca política Taurus ; _v31 _9176515 |
|
| 852 |
_aES-MaACL _jA-5680 _bR.94637 |
||
| 852 |
_aES-MaACL _jA-5951 _bR.94658 |
||
| 942 | _2udc | ||
| 999 |
_c93931 _d93931 |
||